000 00443cam a22001217a 4500
008 180718b xxu||||| |||| 00| 0 eng d
082 _aU61x5462 H57
100 _aHimachal Pradesh. Finance Department
245 _aPublic sector undertakings in Himachal Pradesh
_cby Finance Department
260 _aShimla
_bFinance Department
_c
500 _aLibrary has 1985/86, 1998/99, 1999/2000
650 _aPublic sector enterprises - India - Himachal Pradesh
999 _c486815
_d486815